000
00282nam a2200121Ia 4500
100
_a
Novell
942
_c
BK
654
_a
Utilities Reference - Netware -3.12
245
_a
Utilities Reference - Netware -3.12
260
_b
Novell
_a
U.S.A
_c
1993
300
_a
468
546
_a
ENGLISH
999
_c
30178
_d
30178